[Event "Meghalaya op 1st"]
[Site "Shillong"]
[Date "2023.12.14"]
[Round "3"]
[White "Tejas Shah, Jihan"]
[Black "Srujan, Keerthan Solletti"]
[Result "1-0"]
[WhiteElo "1891"]
[BlackElo "1595"]
[PlyCount "159"]
[EventDate "2023.12.13"]
[EventType "swiss"]
[EventRounds "10"]
[EventCountry "IND"]
[SourceTitle "CB52_2023"]
[SourceDate "2023.12.27"]
[SourceVersion "1"]
[SourceVersionDate "2023.12.27"]
[SourceQuality "1"]

1. d4 Nf6 2. c4 e6 3. Nc3 Bb4 4. Qc2 d5 5. cxd5 exd5 6. Bg5 h6 7. Bh4 g5 8. Bg3 Ne4 9. e3 Bf5 10. Bd3 Nd7 11. Nge2 c5 12. 0-0 c4 13. Bxe4 dxe4 14. Nd5 Ba5 15. Qxc4 Be6 16. Qb5 0-0 17. Qxb7 Nb6 18. Ne7+ Kh8 19. Be5+ Kh7 20. Ng3 Qd7 21. Qxd7 Nxd7 22. Nxe4 f6 23. Bd6 Rfe8 24. Nc5 Nxc5 25. dxc5 Bd8 26. Nc6 a5 27. Nd4 Bd5 28. Rfc1 f5 29. Nb5 Bc6 30. a4 Re4 31. Nd4 Rc8 32. Re1 Bf6 33. Nxc6 Rxc6 34. Re2 Rb4 35. Ra2 Kg6 36. h3 Kf7 37. Rd2 Ke6 38. Kf1 Rc4 39. Ke2 h5 40. b3 Rb4 41. Rd3 g4 42. hxg4 Rxg4 43. Kf3 Rh4 44. Re2 Re4 45. Rc2 Rh4 46. Rc4 Rh1 47. e4 Rb1 48. exf5+ Kxf5 49. Rf4+ Kg6 50. Re4 Rc8 51. Rc4 Rc6 52. Ke4 Rb2 53. Kd5 Rc8 54. Rf4 Bg5 55. Rff3 Rc2 56. Rd4 Rc1 57. Rf8 Rxf8 58. Bxf8 Kf7 59. Bd6 Ke8 60. Bf4 Bxf4 61. Rxf4 Rc3 62. b4 axb4 63. Rxb4 Rc2 64. Rf4 h4 65. Kd6 Rd2+ 66. Kc7 h3 67. gxh3 Rd3 68. c6 Rc3 69. Re4+ Kf7 70. Kd7 Rxh3 71. c7 Rd3+ 72. Kc6 Rc3+ 73. Kd6 Rd3+ 74. Kc5 Rc3+ 75. Rc4 Rf3 76. c8Q Rf6 77. Qd7+ Kg6 78. Rg4+ Kh5 79. Rg8 Rxf2 80. Qh3# 1-0

[Event "Eastern Asia-ch U16"]
[Site "Tornelo INT"]
[Date "2021.10.30"]
[Round "5"]
[White "Tran, Dang Minh Quang"]
[Black "Srujan, Keerthan Solletti"]
[Result "1/2-1/2"]
[WhiteElo "1837"]
[BlackElo "1647"]
[PlyCount "101"]
[EventDate "2021.10.29"]
[EventType "swiss"]
[EventRounds "9"]
[EventCountry "NET"]
[SourceTitle "CBM 205 Extra"]
[Source "ChessBase"]
[SourceDate "2022.01.31"]
[SourceVersion "1"]
[SourceVersionDate "2022.01.31"]
[SourceQuality "1"]

1. d4 Nf6 2. Nf3 e6 3. Bg5 d5 4. e3 Be7 5. Nbd2 Ne4 6. Bxe7 Qxe7 7. Nxe4 dxe4 8. Nd2 f5 9. c3 0-0 10. Qb3 Kh8 11. Bc4 e5 12. 0-0-0 exd4 13. cxd4 c6 14. Qc3 Nd7 15. a3 a5 16. Ba2 Nf6 17. Nc4 Be6 18. Kb1 Qf7 19. Ka1 Qg8 20. Rd2 b5 21. Nb6 Bxa2 22. Nxa8 b4 23. Qxc6 Bd5 24. Qd6 Rxa8 25. Rc1 Rd8 26. Qc7 Bb3 27. Qxa5 Nd5 28. Rc6 Ra8 29. Qc5 Qe8 30. Kb1 h6 31. Rd6 Rc8 32. Qa5 Ra8 33. Qc5 Qf7 34. Re2 Ra7 35. Re1 bxa3 36. bxa3 Rc7 37. Rc6 Rb7 38. Ka1 f4 39. Rc8+ Kh7 40. Qf8 Qe6 41. Qh8+ Kg6 42. Qe8+ Qxe8 43. Rxe8 Bc2 44. Re5 Nf6 45. exf4 Rb3 46. h3 Rd3 47. Kb2 Ba4 48. Re2 Rxd4 49. Kc3 Rd3+ 50. Kb4 Bd1 51. Rb2 1/2-1/2

[Event "Eastern Asia-ch U16"]
[Site "Tornelo INT"]
[Date "2021.10.29"]
[Round "3"]
[White "Srujan, Keerthan Solletti"]
[Black "Li, Shing Hei"]
[Result "1-0"]
[WhiteElo "1647"]
[BlackElo "1342"]
[PlyCount "55"]
[EventDate "2021.10.29"]
[EventType "swiss"]
[EventRounds "9"]
[EventCountry "NET"]
[SourceTitle "CBM 205 Extra"]
[Source "ChessBase"]
[SourceDate "2022.01.31"]
[SourceVersion "1"]
[SourceVersionDate "2022.01.31"]
[SourceQuality "1"]

1. e4 c5 2. Nf3 d6 3. d4 cxd4 4. Nxd4 Nf6 5. Nc3 g6 6. Be3 Bg7 7. f3 Nc6 8. Qd2 0-0 9. Nb3 Be6 10. 0-0-0 a6 11. g4 b5 12. h4 h5 13. g5 Nd7 14. f4 Na5 15. Nd5 Bxd5 16. exd5 Nxb3+ 17. cxb3 Rc8+ 18. Kb1 Nc5 19. Bh3 Rc7 20. f5 Qa8 21. Rhf1 a5 22. Bxc5 Rxc5 23. Qd3 Kh7 24. fxg6+ fxg6 25. Rxf8 Qxf8 26. Rf1 Qa8 27. Be6 a4 28. Bf7 1-0

[Event "Eastern Asia-ch U16"]
[Site "Tornelo INT"]
[Date "2021.10.29"]
[Round "2"]
[White "Yousefi, Arya"]
[Black "Srujan, Keerthan Solletti"]
[Result "0-1"]
[WhiteElo "1240"]
[BlackElo "1647"]
[PlyCount "48"]
[EventDate "2021.10.29"]
[EventType "swiss"]
[EventRounds "9"]
[EventCountry "NET"]
[SourceTitle "CBM 205 Extra"]
[Source "ChessBase"]
[SourceDate "2022.01.31"]
[SourceVersion "1"]
[SourceVersionDate "2022.01.31"]
[SourceQuality "1"]

1. e4 c5 2. Nf3 Nc6 3. d4 cxd4 4. Nxd4 Nf6 5. Nc3 e5 6. Nb3 Bb4 7. Bg5 h6 8. Bh4 g5 9. Bg3 Nxe4 10. Qd3 d5 11. 0-0-0 Nxc3 12. bxc3 Ba3+ 13. Kb1 Be6 14. Qb5 a6 15. Qa4 Bd6 16. c4 dxc4 17. Bxc4 b5 18. Bxb5 axb5 19. Qxb5 Qc7 20. Rhe1 0-0 21. h4 Rfb8 22. Qd3 Nb4 23. Qxd6 Qxc2+ 24. Ka1 Qxa2# 0-1